| 000 | 00752nam a22002537a 4500 | ||
|---|---|---|---|
| 003 | CHAP | ||
| 005 | 20220329135623.0 | ||
| 008 | 971013s r 00010 d | ||
| 010 | _a39448 | ||
| 011 | _a40420 | ||
| 035 | _a44545 | ||
| 040 | _cCHAP | ||
| 090 | _aR-1496 | ||
| 100 | 0 | 0 |
_aEtchells, John L. _938582 |
| 245 | _aMéthods of examination of fresh cucumber pickle | ||
| 500 | _aSobretiro de : Fruit Products J. and Amer. Vinegar Ind. Jul. 1940 : 331-335 | ||
| 590 |
_aBATCH-UPD _b10 _c20130110 _lUCH01 _h0222 |
||
| 590 |
_aBATCH-UPD _b10 _c20130110 _lUCH01 _h2128 |
||
| 590 |
_aCONVERSION _b10 _c20130109 _lUCH01 _h1322 |
||
| 650 | 1 | 4 |
_aPepinillos. _986894 |
| 901 | _aBK | ||
| 942 | _cREIMP | ||
| 949 |
_aR-1496 _bBC _cR _d-102012 _eTS1 _i44545 _si |
||
| 999 |
_c39448 _d39448 |
||